000 00712nam a2200205Ia 4500
005 20250310160034.0
008 210716s2011 xx 000 0 und d
020 _a9788125942566
040 _cAIMIT LIBRARY
041 _aeng
082 _a658.4062
_21
_bSONR
100 _aSonar, Rajendra M.
_9205437
245 _aNext generation business intelligence:
_bknowledge based approach /
_cBy Rajendra M Sonar.
250 _a1st ed.
260 _aNew Delhi :
_bVikas Publishing House Pvt Ltd ;
_c2011.
300 _axiii; 220p. ;
_bPB
_c23 cm.
650 _aSemantic web and knowledge management
_9205438
650 _aA generic knowledge based BI framework
_9205439
942 _2ddc
_cBK
_e1st ed.
_k658.4062 SONR
999 _c207175
_d207175